00405pab a2200145 454500008004000000100002100040245011400061260000900175300001300184362001200197650000900209650000800218650002000226773001300246180718b2013 xxu||||| |||| 00| 0 eng d aDuggal, Minakshi aProfitability and productivity analysis on LIC housing finance limited and HDFC limited - a comparative study c2013 ap.56-66. aJan-Jun aHDFC aLIC aHousing finance aPranjana